Poms / STXfilms and Entertainment One present ; a ... Read More
Available copies
- 4 of 4 copies available at LARL/NWRL Consortium.
- 2 of 2 copies available at Northwest Regional Library. (Show preferred library)
Current holds
0 current holds with 4 total copies.
Show All Copies
| Location | Call Number / Copy Notes | Barcode | Shelving Location | Status | Due Date |
|---|---|---|---|---|---|
| Godel Memorial-Warren Library | DVD POM (Text) | 35500006396632 | Main | Available | - |
| Warroad Public Library | DVD POM (Text) | 35500005625619 | Main | Available | - |
| Moorhead Public Library | DVD POM (Text) | 33500013106620 | Main | Available | - |
| Moorhead Public Library | DVD POM (Text) | 33500013106646 | Main | Available | - |
Record details
- Physical Description: 1 videodisc (91 min.) : sound, color ; 4 3/4 in.
- Publisher: Universal City, CA : Universal Pictures Home Entertainment, [2019]
Content descriptions
| General Note: | Originally released as a motion picture in 2019. Wide screen (1.85:1). |
| Creation/Production Credits Note: | Music, Deborah Lurie ; editor, Annette Davey ; ... Read More |
| Participant or Performer Note: | Diane Keaton, Jacki Weaver, Pam Grier, Celia ... Read More |
| Summary, etc.: | It is an uplifting comedy about Martha, a woman ... Read More |
| Target Audience Note: | MPAA rating: PG-13; for some language/sexual ... Read More |
| System Details Note: | DVD, NTSC, region 1; wide screen (1.85:1); Dolby ... Read More |
| Language Note: | English dialogue; Spanish subtitles; subtitled for ... Read More |
Search for related items by subject
| Subject: | Cheerleaders > Drama. Older women > Drama. Cheerleaders. Older women. |
| LDR | 04699cgm a2200997Ii 4500 | ||
|---|---|---|---|
| 001 | 321126 | ||
| 003 | LARL_NWRL_CONSORTIUM | ||
| 005 | 20190806203044.0 | ||
| 008 | 190610s2019 cau091 vleng d | ||
| 007 | vd cvaizq | ||
| 040 | . | ‡aTEFMT ‡beng ‡erda ‡cTEFMT ‡dOCLCO ‡dTEF ‡dOCLCF ‡dOPW ‡dINO | |
| 024 | 1 | . | ‡a191329108284 |
| 028 | 4 | 2. | ‡a64207180 ‡bUniversal Pictures Home Entertainment ‡q(container) |
| 028 | 4 | 2. | ‡a2116246 ‡bUniversal Pictures Home Entertainment |
| 028 | 4 | 2. | ‡a1082091 ‡bUniversal Pictures Home Entertainment ‡q(disc) |
| 028 | 4 | 2. | ‡a2116248 ‡bUniversal Pictures Home Entertainment ‡q(disc) |
| 035 | . | ‡a(OCoLC)1104147437 | |
| 037 | . | ‡bMidwest Tape ‡nhttp://www.midwesttapes.com | |
| 041 | 1 | . | ‡aeng ‡jspa ‡jeng ‡heng |
| 082 | 0 | 4. | ‡a791.43/72 ‡223 |
| 245 | 0 | 0. | ‡aPoms / ‡cSTXfilms and Entertainment One present ; a Sierra Pictures, Mad as Birds, Rose Pictures production ; produced by Kelly McCormick, Alex Saks, Rose Ganguzza, Andy Evans, Ade Shannon, Celyn Jones, Sean Marley ; story by Zara Hayes and Shane Atkinson ; screenplay by Shane Atkinson ; directed by Zara Hayes. |
| 257 | . | ‡aGreat Britain ‡aUnited States ‡2naf | |
| 264 | 1. | ‡aUniversal City, CA : ‡bUniversal Pictures Home Entertainment, ‡c[2019] | |
| 300 | . | ‡a1 videodisc (91 min.) : ‡bsound, color ; ‡c4 3/4 in. | |
| 336 | . | ‡atwo-dimensional moving image ‡btdi ‡2rdacontent | |
| 337 | . | ‡avideo ‡bv ‡2rdamedia | |
| 338 | . | ‡avideodisc ‡bvd ‡2rdacarrier | |
| 344 | . | ‡adigital ‡2rdatr | |
| 344 | . | ‡boptical ‡2rdarm | |
| 344 | . | ‡gsurround ‡2rdacpc | |
| 344 | . | ‡hDolby digital 5.1 | |
| 346 | . | ‡bNTSC ‡2rdabs | |
| 347 | . | ‡avideo file ‡2rdaft | |
| 347 | . | ‡bDVD video | |
| 347 | . | ‡eregion 1 ‡2rdare | |
| 380 | . | ‡aMotion pictures ‡2lcgft | |
| 538 | . | ‡aDVD, NTSC, region 1; wide screen (1.85:1); Dolby digital 5.1 surround, DVS 2.0 described video. | |
| 546 | . | ‡aEnglish dialogue; Spanish subtitles; subtitled for the deaf and hard of hearing (SDH); described video. | |
| 511 | 1 | . | ‡aDiane Keaton, Jacki Weaver, Pam Grier, Celia Weston, Phyllis Somerville, Alisha Boe, Charlie Tahan, Bruce McGill, Rhea Perlman. |
| 508 | . | ‡aMusic, Deborah Lurie ; editor, Annette Davey ; director of photography, Tim Orr. | |
| 500 | . | ‡aOriginally released as a motion picture in 2019. | |
| 500 | . | ‡aWide screen (1.85:1). | |
| 521 | 8 | . | ‡aMPAA rating: PG-13; for some language/sexual references. |
| 520 | . | ‡aIt is an uplifting comedy about Martha, a woman who moves into a retirement community and starts a cheerleading squad with her fellow residents, Sheryl, Olive, and Alice, proving that it's never too late to follow their dreams. | |
| 650 | 0. | ‡aCheerleaders ‡vDrama. | |
| 650 | 0. | ‡aOlder women ‡vDrama. ‡0(LARL_NWRL_CONSORTIUM)173824 | |
| 650 | 7. | ‡aCheerleaders. ‡2fast | |
| 650 | 7. | ‡aOlder women. ‡2fast ‡0(LARL_NWRL_CONSORTIUM)13100 | |
| 655 | 7. | ‡aComedy films. ‡2fast ‡0(LARL_NWRL_CONSORTIUM)175650 | |
| 655 | 7. | ‡aDrama. ‡2fast | |
| 655 | 7. | ‡aFeature films. ‡2fast ‡0(LARL_NWRL_CONSORTIUM)175625 | |
| 655 | 7. | ‡aVideo recordings for people with visual disabilities. ‡2fast ‡0(LARL_NWRL_CONSORTIUM)175745 | |
| 655 | 7. | ‡aVideo recordings for the hearing impaired. ‡2fast ‡0(LARL_NWRL_CONSORTIUM)175744 | |
| 655 | 7. | ‡aComedy films. ‡2lcgft ‡0(LARL_NWRL_CONSORTIUM)175650 | |
| 655 | 7. | ‡aFeature films. ‡2lcgft ‡0(LARL_NWRL_CONSORTIUM)175625 | |
| 655 | 7. | ‡aFiction films. ‡2lcgft ‡0(LARL_NWRL_CONSORTIUM)175626 | |
| 655 | 7. | ‡aVideo recordings for the hearing impaired. ‡2lcgft ‡0(LARL_NWRL_CONSORTIUM)175744 | |
| 655 | 7. | ‡aVideo recordings for people with visual disabilities. ‡2lcgft ‡0(LARL_NWRL_CONSORTIUM)175745 | |
| 700 | 1 | . | ‡aHayes, Zara, ‡efilm director, ‡escreenwriter. |
| 700 | 1 | . | ‡aAtkinson, Shane, ‡escreenwriter. |
| 700 | 1 | . | ‡aMcCormick, Kelly, ‡d1977- ‡efilm producer. |
| 700 | 1 | . | ‡aSaks, Alex, ‡d1987- ‡efilm producer. |
| 700 | 1 | . | ‡aGanguzza, Rose, ‡efilm producer. |
| 700 | 1 | . | ‡aEvans, Andy ‡c(Film producer), ‡efilm producer. |
| 700 | 1 | . | ‡aShannon, Ade, , ‡efilm producer. |
| 700 | 1 | . | ‡aJones, Celyn, ‡d1979- ‡efilm producer. |
| 700 | 1 | . | ‡aMarley, Sean, ‡efilm producer. |
| 700 | 1 | . | ‡aKeaton, Diane, ‡eactor. ‡0(LARL_NWRL_CONSORTIUM)60059 |
| 700 | 1 | . | ‡aWeaver, Jacki, ‡d1947- ‡eactor. ‡0(LARL_NWRL_CONSORTIUM)202416 |
| 700 | 1 | . | ‡aGrier, Pam, ‡d1949- ‡eactor. ‡0(LARL_NWRL_CONSORTIUM)143296 |
| 700 | 1 | . | ‡aWeston, Celia, ‡d1951- ‡eactor. |
| 700 | 1 | . | ‡aSomerville, Phyllis, ‡eactor. ‡0(LARL_NWRL_CONSORTIUM)206886 |
| 700 | 1 | . | ‡aBoe, Alisha, ‡d1997- ‡eactor. |
| 700 | 1 | . | ‡aTahan, Charlie, ‡eactor. ‡0(LARL_NWRL_CONSORTIUM)218484 |
| 700 | 1 | . | ‡aMcGill, Bruce, ‡d1950- ‡eactor. ‡0(LARL_NWRL_CONSORTIUM)143165 |
| 700 | 1 | . | ‡aPerlman, Rhea, ‡eactor. ‡0(LARL_NWRL_CONSORTIUM)208445 |
| 710 | 2 | . | ‡aSTX Entertainment, ‡epresenter. |
| 710 | 2 | . | ‡aE1 Entertainment (Firm), ‡epresenter. ‡0(LARL_NWRL_CONSORTIUM)216566 |
| 710 | 2 | . | ‡aSierra Pictures (2010- ), ‡eproduction company. |
| 710 | 2 | . | ‡aMad As Birds Films, ‡eproduction company. |
| 710 | 2 | . | ‡aRose Pictures, ‡eproduction company. |
| 710 | 2 | . | ‡aUniversal Pictures Home Entertainment (Firm), ‡epublisher. |
| 901 | . | ‡a321126 ‡bOCoLC ‡c321126 ‡tbiblio ‡soclc | |

Add to basket
Permalink
Disable Highlighting